000 00315nam a22001457a 4500
008 210518b ||||| |||| 00| 0 eng d
020 _a0534614817
041 _aeng
080 _28th
_a572
082 _a572
100 _a24
101 _aANT
245 _aCultural Anthropology
_cSerena Nanda
942 _2udc
_cBK
999 _c57385
_d57385